000
00266nam a2200097Ia 4500
001
642008
005
20250826153518.0
008
250824s9999 xx 000 0 und d
245
0
_a
KURTULUŞUN KAHRAMANLARI 7 SÜTÇÜ İMAM
_c
İSMAİL BİLGİN
260
_b
TİMAŞ ÇOCUK
999
_c
642008
_d
642008